000 00466nam a2200193Ia 4500
003 0100
008 130303s9999 xx 000 0 und d
040 _cARRUPELIB
050 _aD16.8.D49 1962
100 _aDilthey, Wilhelm
245 _aPattern and meaning in history
245 _bthoughts on history and society
260 _aNY
260 _bHarper Row
260 _C1962
300 _a170p
700 _aed. and introd. by H.P. Rickman
942 0 0 _04
999 _c44489
_d44489